Apéndice legislación local : textos legales concordados y anotados del Régimen Local / por la Redacción de El Consultor de los Ayuntamientos textos legales concordados y anotados del Régimen Local / por la Redacción de El Consultor de los Ayuntamientos
Descripción Física:
175 p. ; 24 cm
MARC
| LEADER | 00000nam a2200000Ia 4500 | ||
|---|---|---|---|
| 001 | 14193 | ||
| 008 | 160829s1981 xx 000 0 cat d | ||
| 080 | |a M-4-164 | ||
| 100 | |a Espanya. Lleis, etc. |9 23269 | ||
| 245 | |a Apéndice legislación local : |b textos legales concordados y anotados del Régimen Local / por la Redacción de El Consultor de los Ayuntamientos | ||
| 260 | |a Madrid : |b Abella : |b El Consultor de los Ayuntamientos y de los Juzgados, |c 1981 | ||
| 300 | |a 175 p. ; |c 24 cm | ||
| 590 | |a Índex | ||
| 650 | 0 | |a Administració local |x Dret i legislació |z Espanya |9 11255 | |
| 710 | 2 | |a Consultor de los Ayuntamiento y de los Juzgados |e entitat autora |9 55140 | |
| 901 | |a Arxiu | ||
| 942 | |n 1 |2 udc | ||
| 952 | |0 0 |1 0 |4 0 |6 M4164 |7 1 |9 42640 |a Arxiu |b Arxiu |d 2016-12-01 |l 0 |o M-4-164 |p 14193 |r 2016-12-01 00:00:00 |w 2016-12-01 |y ARXIU | ||
| 999 | |c 45146 |d 45146 | ||